| 000 | 00613nam a2200217 a 4500 | ||
|---|---|---|---|
| 005 | 20140310183301.0 | ||
| 008 | 041130s19uu xx 00 eng d | ||
| 020 | _a981243156x | ||
| 050 |
_aQA 76 _b.P356 2002 |
||
| 100 | _aParsons, June Jamrich | ||
| 245 |
_aNew perspectives on computer concepts / _cJune Jamrich Parsons |
||
| 250 | _a5th ed. | ||
| 260 |
_aBoston, Mass. : _bThomson/Course Technology, _c2002. |
||
| 300 |
_a414 p. : _bill. ; _c24 cm. |
||
| 521 | _aIT | ||
| 650 | _aComputers. | ||
| 650 | _aElectronic data processing. | ||
| 700 | _aOja, Dan | ||
| 942 |
_cBK _2lcc _kFOR |
||
| 999 |
_c20982 _d20982 |
||